| LEADER |
00800nam0a2200193 450 |
| 001 |
16835675 |
| 010 |
|
|
|a 978-2-08-023593-0
|b br.
|d 20
|
| 100 |
|
|
|a 20210120d2021 u u0frey01 ba
|
| 101 |
0 |
|
|a fre
|
| 102 |
|
|
|a FR
|
| 200 |
0 |
|
|a Serge
|f Yasmina Reza
|
| 207 |
|
1 |
|a
|
| 210 |
|
|
|a [Paris]
|c éd. Flammarion
|d 2021
|
| 215 |
|
|
|a 1 vol. (233 p.)
|d 21 cm
|
| 330 |
|
|
|a '' Chez ma mère, sur sa table de chevet, il y avait une photo de nous trois rigolant enchevêtrés l'un sur l'autre dans une brouette. C'est comme si on nous avait poussés dedans à une vitesse vertigineuse et qu'on nous avait versés dans le temps.'
|
| 700 |
|
0 |
|a Reza
|b Yasmina
|f 1959-....
|4 70
|
| 900 |
|
|
|a Roman
|
| 901 |
|
|
|a Accessible au prêt
|
| 995 |
|
|
|a Bibliothèque
|c Bibliothèque
|f 024021150
|h 024021150
|k R REZ
|o p
|q a
|r az
|e Bibliothèque
|